| 000 | 00478nam a2200157Ia 4500 | ||
|---|---|---|---|
| 008 | 150610s9999 xx 000 0 und d | ||
| 020 | _a0812590651 (pbk.) | ||
| 050 |
_aPS3566 _b.E275 T55 1997 |
||
| 100 | _aPeel, John, 1954- | ||
| 245 | 4 |
_aThe time shifter / _cJohn Peel. |
|
| 260 |
_aNew York : _bTom Doherty Associates, _c1997. |
||
| 300 |
_a119pages ; _c20 cm. |
||
| 440 | _aThe outer limits ; 3 | ||
| 504 | _a"A Tom Doherty Associates book." | ||
| 520 | _aFiction. | ||
| 999 |
_c287958 _d287958 |
||